000 00298nam a22001457a 4500
003 OSt
020 _a9788132110149
082 _aBUR/OR
100 _aBurke ,Warner W
245 _aOrganizational change
250 _a1
260 _aNew Delhi
_bSage
_c2012
300 _a362p.
942 _2ddc
_cBK
999 _c190706
_d190706